[Event "7th Sunway Sitges 2020"]
[Site "Sitges ESP"]
[Date "2020.12.19"]
[Round "6.15"]
[White "Garcia Martin, Marta"]
[Black "Bellahcene, Bilel"]
[Result "0-1"]
[WhiteTitle "IM"]
[BlackTitle "GM"]
[WhiteElo "2342"]
[BlackElo "2510"]
[WhiteFideId "32084030"]
[BlackFideId "696358"]
[EventDate "2020.12.13"]

1. e4 e5 2. Bc4 Nf6 3. d3 Nc6 4. Nc3 Na5 5. Nge2 Nxc4 6. dxc4 d6 7. O-O Be7 8.
Ng3 O-O 9. Qd3 Be6 10. Nf5 Nd7 11. Qg3 Bf6 12. Bh6 Bxf5 13. exf5 Re8 14. Ne4 Kh8
15. Be3 b6 16. Rad1 a6 17. Rd3 Qe7 18. Rfd1 Rad8 19. a4 a5 20. Qg4 Rg8 21. Bc1
h6 22. Rh3 Qf8 23. Rh5 Kh7 24. Rd3 Be7 25. Ng5+ Kh8 26. Ne4 Nf6 27. Nxf6 Bxf6
28. Rdh3 Kh7 29. Qe4 d5 30. Qe3 Rh8 31. cxd5 Rxd5 32. Qe2 Qd6 33. Rd3 Rxd3 34.
cxd3 Rd8 35. Rh3 Qc6 36. Be3 e4 37. dxe4 Qxe4 38. g4 Kg8 39. b3 Rd3 40. Rg3 Rxb3 0-1

[Event "7th Sunway Sitges 2020"]
[Site "Sitges ESP"]
[Date "2020.12.19"]
[Round "6.16"]
[White "Flom, Gabriel"]
[Black "Boyer, Mahel"]
[Result "1-0"]
[WhiteTitle "GM"]
[BlackTitle "FM"]
[WhiteElo "2499"]
[BlackElo "2307"]
[WhiteFideId "621650"]
[BlackFideId "45102422"]
[EventDate "2020.12.13"]

1. d4 d5 2. c4 e6 3. Nc3 h6 4. cxd5 exd5 5. Bf4 Nf6 6. e3 Bd6 7. Qf3 O-O 8. Be5
Bxe5 9. dxe5 Ng4 10. Qxd5 Nc6 11. Nf3 Qe7 12. Be2 Ncxe5 13. Nxe5 Nxe5 14. O-O c6
15. Qe4 f5 16. Qf4 Qf6 17. Rad1 Be6 18. Qb4 Rf7 19. f4 Ng6 20. Bh5 b6 21. Rd6 c5
22. Qa3 Qe7 23. Rfd1 Rf6 24. Rxb6 Bf7 25. Nd5 Bxd5 26. Rxf6 gxf6 27. Rxd5 Nxf4
28. Bf3 Rc8 29. Rxf5 Ng6 30. Bd5+ Kg7 31. e4 c4 32. Qc3 Qd6 33. Rf3 h5 34. Rf5
h4 35. h3 Ne5 36. Kh1 Rh8 37. g4 hxg3 38. Qxg3+ Kf8 39. Kg2 Qe7 40. Rh5 Qg7 41.
Qxg7+ Kxg7 42. Rxh8 Kxh8 43. Kf2 Nd3+ 44. Ke3 Nxb2 45. Kd4 Kg7 46. Bxc4 Na4 47.
Bb5 Nb6 48. h4 Kh6 49. Be8 Kg7 50. Kc5 Kf8 51. Bb5 Ke7 52. Kc6 Nc8 53. Bc4 Nb6
54. Bb3 Nc8 55. a4 1-0

[Event "7th Sunway Sitges 2020"]
[Site "Sitges ESP"]
[Date "2020.12.19"]
[Round "6.17"]
[White "Dragnev, Valentin"]
[Black "Dalaud, Dorian"]
[Result "1/2-1/2"]
[WhiteTitle "GM"]
[WhiteElo "2564"]
[BlackElo "2291"]
[WhiteFideId "1634852"]
[BlackFideId "36093270"]
[EventDate "2020.12.13"]

1. d4 Nf6 2. Nf3 c5 3. d5 b5 4. Bg5 g6 5. Bxf6 exf6 6. e3 a6 7. a4 b4 8. Nbd2 d6
9. Be2 Bg7 10. O-O f5 11. Nc4 a5 12. Qd2 O-O 13. c3 Qc7 14. Rfe1 Nd7 15. cxb4
axb4 16. Red1 Bb7 17. Ne1 Nf6 18. Bf3 Ba6 19. Qc1 Rfb8 20. Nd3 Qd7 21. a5 Bxc4
22. Qxc4 Qb5 23. Qxb5 Rxb5 24. a6 Rb6 25. Be2 Nd7 26. Rdb1 Rbxa6 27. Rxa6 Rxa6
28. Nxb4 Rb6 29. Nc6 Bxb2 30. Ne7+ Kf8 31. Nc8 Rb4 32. Nxd6 Be5 1/2-1/2

[Event "7th Sunway Sitges 2020"]
[Site "Sitges ESP"]
[Date "2020.12.19"]
[Round "6.18"]
[White "Mendonca, Leon Luke"]
[Black "Souhardo, Basak"]
[Result "1-0"]
[WhiteTitle "IM"]
[WhiteElo "2530"]
[BlackElo "2276"]
[WhiteFideId "35028561"]
[BlackFideId "35092910"]
[EventDate "2020.12.13"]

1. d4 Nf6 2. c4 e6 3. Nf3 b6 4. g3 Ba6 5. Qc2 c5 6. d5 exd5 7. cxd5 Bb7 8. Bg2
Nxd5 9. O-O Be7 10. Rd1 Nc6 11. Qa4 Nf6 12. e4 O-O 13. e5 Ne8 14. Nc3 Nc7 15.
Be3 Qc8 16. Rd2 Rd8 17. Rad1 Nb4 18. a3 b5 19. Nxb5 Bc6 20. axb4 Nxb5 21. Qb3
cxb4 22. Ng5 Rf8 23. Bxc6 dxc6 24. e6 Nc7 25. exf7+ Kh8 26. Rd7 Bxg5 27. Bxg5
Nd5 28. R1xd5 cxd5 29. Qxd5 a5 30. Be7 h6 31. Bxf8 Qxf8 32. Re7 Rc8 33. Qe4 1-0

[Event "7th Sunway Sitges 2020"]
[Site "Sitges ESP"]
[Date "2020.12.19"]
[Round "6.19"]
[White "Garcia Jimenez, Francisco Javier"]
[Black "Dardha, Daniel"]
[Result "0-1"]
[WhiteTitle "FM"]
[BlackTitle "IM"]
[WhiteElo "2288"]
[BlackElo "2485"]
[WhiteFideId "2231590"]
[BlackFideId "240990"]
[EventDate "2020.12.13"]

1. e4 c5 2. Nc3 Nc6 3. g3 g6 4. Bg2 Bg7 5. d3 Rb8 6. a4 a6 7. Be3 d6 8. Nf3 e5
9. Nd5 Nge7 10. Nxe7 Qxe7 11. O-O O-O 12. c3 f5 13. Qd2 Kh8 14. Ne1 Be6 15. f4
Qd7 16. Nf3 b6 17. Ra3 fxe4 18. dxe4 Na5 19. Qf2 Nc4 20. Raa1 Bh6 21. Nd2 Nxe3
22. Qxe3 exf4 23. gxf4 Qf7 24. Qd3 Bxf4 25. Qxa6 Qg7 26. Nf3 g5 0-1

[Event "7th Sunway Sitges 2020"]
[Site "Sitges ESP"]
[Date "2020.12.19"]
[Round "6.20"]
[White "Jimenez Ruano, Adrian"]
[Black "Bulmaga, Irina"]
[Result "1-0"]
[WhiteTitle "FM"]
[BlackTitle "IM"]
[WhiteElo "2279"]
[BlackElo "2424"]
[WhiteFideId "22276050"]
[BlackFideId "13903063"]
[EventDate "2020.12.13"]

1. d4 Nf6 2. c4 e6 3. Nc3 d5 4. cxd5 Nxd5 5. e4 Nxc3 6. bxc3 c5 7. Nf3 cxd4 8.
cxd4 Bb4+ 9. Bd2 Bxd2+ 10. Qxd2 O-O 11. Bc4 Nd7 12. O-O b6 13. Rfe1 Bb7 14. Rad1
Rc8 15. Bb3 Qf6 16. h3 Rfd8 17. Qe3 h6 18. Rd2 Rc7 19. Red1 Nf8 20. Ne5 Rdc8 21.
Ng4 Qe7 22. d5 exd5 23. exd5 Qd6 24. Qd4 Re7 25. Ne3 Rce8 26. Qxg7+ Kxg7 27.
Nf5+ Kf6 28. Nxd6 Rd8 29. Nc4 b5 30. Ne3 h5 31. Rd4 Ng6 32. a4 bxa4 33. Rxa4 a6
34. Bc4 Rd6 35. Be2 h4 36. Bh5 Kg5 37. Bxg6 fxg6 38. Rdd4 Bc8 39. Rxh4 Bd7 40.
Raf4 a5 41. g3 Rf6 42. Rhg4+ Bxg4 43. h4+ Kh5 44. Rxf6 Be2 45. Rf8 Kh6 46. Ra8
Bf3 47. Rxa5 Rb7 48. Ra1 Rb2 49. g4 Rb4 50. Kh2 Bxg4 51. Kg3 Bh5 52. Ra7 Rd4 53.
Rd7 Rd2 54. f3 g5 55. Nf5+ Kg6 56. Rg7+ Kxf5 57. Rxg5+ Kf6 58. Rxh5 Kg6 59. Rg5+
Kf6 60. Kg4 Rg2+ 61. Kf4 Rh2 62. Rf5+ Ke7 63. h5 Rh1 64. Kg5 Rg1+ 65. Kh6 Kd6
66. Kh7 1-0

[Event "7th Sunway Sitges 2020"]
[Site "Sitges ESP"]
[Date "2020.12.19"]
[Round "6.21"]
[White "Hernando Rodrigo, Julio Antonio"]
[Black "Travadon, Loic"]
[Result "1-0"]
[WhiteTitle "IM"]
[BlackTitle "IM"]
[WhiteElo "2275"]
[BlackElo "2421"]
[WhiteFideId "2208350"]
[BlackFideId "26092131"]
[EventDate "2020.12.13"]

1. d4 Nf6 2. c4 d6 3. Nf3 g6 4. Nc3 Bg7 5. e4 O-O 6. h3 e5 7. d5 a5 8. Be3 Na6
9. g4 h5 10. Bg5 hxg4 11. hxg4 Bxg4 12. Be2 Nc5 13. Qc2 Qd7 14. O-O-O Nh5 15.
Nh4 Bxe2 16. Qxe2 Nf4 17. Qf3 Ra6 18. Nf5 f6 19. Bxf4 gxf5 20. Rdg1 Rf7 21. Bh6
Rb6 22. Bxg7 Rxg7 23. Qh3 Nd3+ 24. Qxd3 f4 25. Rxg7+ Kxg7 26. Qf3 1-0

[Event "7th Sunway Sitges 2020"]
[Site "Sitges ESP"]
[Date "2020.12.19"]
[Round "6.22"]
[White "Exposito Amaro, Josue"]
[Black "Vlachos, Anatole"]
[Result "1/2-1/2"]
[WhiteTitle "FM"]
[BlackTitle "IM"]
[WhiteElo "2273"]
[BlackElo "2413"]
[WhiteFideId "2223198"]
[BlackFideId "26093189"]
[EventDate "2020.12.13"]

1. e4 c5 2. Nf3 Nc6 3. c3 d5 4. exd5 Qxd5 5. d4 Bf5 6. Bd3 Nf6 7. Bxf5 Qxf5 8.
O-O O-O-O 9. Qa4 cxd4 10. Nxd4 Nxd4 11. cxd4 Kb8 12. Be3 Nd5 13. Nc3 e6 14. Nxd5
Qxd5 15. Rac1 Bd6 16. Qc4 Qf5 17. Qa4 Qd5 18. Qc4 Qf5 19. Qa4 a6 20. Rfd1 Qd5
21. g3 h5 22. Qc4 Qxc4 23. Rxc4 Rc8 24. Rdc1 Rxc4 25. Rxc4 Rc8 26. Rxc8+ Kxc8
27. Kg2 Kd7 28. Kf3 Be7 29. Ke4 f5+ 30. Kd3 g5 31. f3 g4 32. f4 Kc6 33. Kc4 b5+
34. Kd3 Kd5 35. Bf2 Bb4 36. Bg1 Be7 37. Bf2 Bf6 38. Be3 h4 39. Bf2 hxg3 40. hxg3
Bd8 41. b4 a5 42. a3 Bb6 43. Be3 a4 44. Bf2 Bd8 45. Be3 Bf6 46. Bf2 Be7 47. Be1 1/2-1/2

[Event "7th Sunway Sitges 2020"]
[Site "Sitges ESP"]
[Date "2020.12.19"]
[Round "6.23"]
[White "Peycheva, Gergana"]
[Black "Svoboda, Vaclav2"]
[Result "1/2-1/2"]
[WhiteTitle "FM"]
[WhiteElo "2257"]
[BlackElo "2407"]
[WhiteFideId "2916711"]
[BlackFideId "323551"]
[EventDate "2020.12.13"]

1. d4 d5 2. c4 dxc4 3. e3 Nf6 4. Bxc4 e6 5. Nf3 c5 6. O-O a6 7. dxc5 Qxd1 8.
Rxd1 Bxc5 9. b3 b5 10. Be2 Bb7 11. Bb2 Nbd7 12. Nbd2 Ke7 13. Nd4 Rhc8 14. Rac1
Bb4 15. a3 Rxc1 16. Bxc1 Bc3 17. Bf3 Nd5 18. Ne4 Bxd4 19. exd4 Rc8 20. Bd2 Rc2
21. Kf1 f5 22. Bg5+ Kf8 23. Nd6 Bc6 24. Re1 Nc7 25. d5 Bxd5 26. Bxd5 exd5 27.
Nxf5 Nf6 28. Nd4 Ra2 29. Bf4 Nce8 30. Bc1 Kf7 31. Nc6 Ne4 32. f3 Nd2+ 33. Bxd2
Rxd2 34. Nd8+ Kf8 35. Ne6+ Kf7 36. Nd8+ Kf8 37. Ne6+ Kf7 38. Nd8+ 1/2-1/2

[Event "7th Sunway Sitges 2020"]
[Site "Sitges ESP"]
[Date "2020.12.19"]
[Round "6.24"]
[White "Ortega Ruiz, Jose Miguel"]
[Black "Romanishin, Oleg M"]
[Result "1/2-1/2"]
[WhiteTitle "FM"]
[BlackTitle "GM"]
[WhiteElo "2251"]
[BlackElo "2402"]
[WhiteFideId "2209713"]
[BlackFideId "14100088"]
[EventDate "2020.12.13"]

1. Nf3 Nf6 2. c4 d6 3. d4 g6 4. Nc3 Bg4 5. Qb3 Qc8 6. h3 Bxf3 7. exf3 Bg7 8. Be2
O-O 9. O-O c6 10. d5 Nbd7 11. Be3 Qc7 12. Rac1 Rac8 13. Bd4 Bh6 14. Be3 Bg7 15.
Bd4 Bh6 16. Be3 Bg7 17. Bd4 Bh6 1/2-1/2

[Event "7th Sunway Sitges 2020"]
[Site "Sitges ESP"]
[Date "2020.12.19"]
[Round "6.25"]
[White "Ayats Llobera, Gerard"]
[Black "Antova, Gabriela"]
[Result "1/2-1/2"]
[WhiteTitle "IM"]
[BlackTitle "FM"]
[WhiteElo "2400"]
[BlackElo "2247"]
[WhiteFideId "32067607"]
[BlackFideId "2915235"]
[EventDate "2020.12.13"]

1. e4 c5 2. Nf3 d6 3. d4 cxd4 4. Nxd4 Nf6 5. Nc3 a6 6. Bg5 e6 7. f4 h6 8. Bh4
Qb6 9. a3 Be7 10. Bf2 Qc7 11. Qf3 Nbd7 12. O-O-O b5 13. g4 Bb7 14. Bg2 g5 15.
Qh3 O-O-O 16. f5 e5 17. Nb3 h5 18. gxh5 Rxh5 19. Qd3 Nc5 20. Qe2 g4 21. Kb1 Kb8
22. Bg3 Na4 23. Nxa4 bxa4 24. Nc1 Rc8 25. Rhe1 Qc4 26. Rd3 Rhh8 27. Na2 Nh5 28.
Nc3 Nxg3 29. hxg3 Rh2 30. Rh1 Rch8 31. Rxh2 Rxh2 32. Qf1 Bd8 33. Qg1 Rh6 34. Qe3
Rh2 35. Qg1 Rh8 36. Rxd6 Ba5 37. Rd3 Rd8 38. Qd1 Rxd3 39. Qxd3 Qc6 40. Nd5 Qc5
41. Ne3 Be1 42. Nxg4 Qg1 43. Qf1 Qxf1 44. Bxf1 Bxg3 45. Bd3 Kc7 46. Nh6 f6 47.
Ng4 Bh4 48. b3 axb3 49. cxb3 a5 50. Kc2 Kb6 51. b4 axb4 52. axb4 Bg5 53. Nh2 Bc6
54. Kb3 Bf4 55. Ng4 Bg5 56. Nf2 Bh4 57. Nd1 Bg5 58. Nc3 Bh4 59. Kc4 Be1 60. Kb3
Bd2 61. Nb1 Be1 62. Na3 Bf2 63. Nc4+ Kc7 64. Na3 Kb6 65. Nb1 Be1 66. Nc3 Bd2 67.
Ne2 Be1 68. Ng1 Bf2 69. Nf3 Be3 70. Nh2 Bf4 71. Ng4 Bg5 72. Kc3 Bb7 73. Nf2 Bh4
74. Nd1 Bg5 75. Nb2 Bc6 76. Nc4+ Kc7 77. Na5 Kb6 78. Nc4+ Kc7 79. Na3 Kb6 80.
Kb3 Bh4 81. Nc4+ Kc7 82. Ne3 Bg5 83. Nd5+ Bxd5+ 84. exd5 Bh6 85. Kc4 Kb6 86. b5
Bf8 87. d6 Bxd6 88. Kd5 e4 89. Kxe4 1/2-1/2

[Event "7th Sunway Sitges 2020"]
[Site "Sitges ESP"]
[Date "2020.12.19"]
[Round "6.26"]
[White "Lever, Erwan"]
[Black "Yu, Jennifer"]
[Result "1-0"]
[BlackTitle "FM"]
[WhiteElo "2200"]
[BlackElo "2328"]
[WhiteFideId "20640099"]
[BlackFideId "2078341"]
[EventDate "2020.12.13"]

1. d4 d5 2. c4 c6 3. Nf3 Nf6 4. Qc2 g6 5. Bf4 dxc4 6. Qxc4 Be6 7. Qc2 Bf5 8. Qb3
Qb6 9. Nbd2 Nbd7 10. e3 Bg7 11. h3 Ne4 12. Bc4 Qxb3 13. Nxb3 Nd6 14. Be2 h6 15.
Na5 O-O-O 16. Rc1 Rhe8 17. O-O e5 18. Bh2 Be4 19. Rfd1 Kc7 20. b4 f6 21. b5 Nb8
22. bxc6 b6 23. dxe5 fxe5 24. Nc4 Nxc4 25. Rxd8 Rxd8 26. Rxc4 Bxf3 27. Bxf3 Rd6
28. Kf1 Nxc6 29. Be4 b5 30. Rc1 Kb6 31. Ke2 a5 32. f3 b4 33. Bg3 a4 34. Be1 Bf8
35. Rc4 Rf6 36. Kd3 Na5 37. Rc8 Bd6 38. Kc2 g5 39. Rh8 Nc4 40. Kb1 Na3+ 41. Kc1
Nc4 42. Bd5 Nxe3 43. Be4 Nc4 44. Bf2+ Bc5 45. Rb8+ Kc7 46. Rb7+ Kd6 47. Be1 Na5
48. Rxb4 a3 49. Ra4 Nc6 50. Bxc6 Kxc6 51. Ra6+ Bb6 52. Bf2 Kb5 53. Rxb6+ Rxb6
54. Bxb6 Kxb6 55. Kc2 Kc5 56. Kb3 Kd4 57. Kxa3 h5 58. Kb4 g4 59. hxg4 hxg4 60.
a4 Ke3 61. a5 Kf2 62. a6 g3 63. a7 Kxg2 64. a8=Q Kf2 65. Qe4 g2 66. Qxe5 1-0

[Event "7th Sunway Sitges 2020"]
[Site "Sitges ESP"]
[Date "2020.12.19"]
[Round "6.27"]
[White "Maloberti, David"]
[Black "Carbonell Sancho, Marc"]
[Result "0-1"]
[WhiteElo "2076"]
[BlackElo "2318"]
[WhiteFideId "620149"]
[BlackFideId "32029969"]
[EventDate "2020.12.13"]

1. d4 Nf6 2. c4 g6 3. Nc3 Bg7 4. e4 O-O 5. Nf3 c6 6. e5 Ne8 7. Be2 d6 8. Bf4 Nd7
9. exd6 Nxd6 10. O-O Nf6 11. Be5 Bg4 12. c5 Nde4 13. Qc2 Bxf3 14. Bxf3 Ng5 15.
Be2 Nd5 16. Nxd5 Qxd5 17. Bc4 Qd7 18. Bxg7 Kxg7 19. Rad1 Ne6 20. Qe4 Rad8 21. d5
cxd5 22. Rxd5 Qc7 23. Rfd1 Nxc5 24. Qd4+ e5 25. Qe3 Rxd5 26. Rxd5 Nd7 27. Bb5
Nf6 28. Rc5 Qd6 29. h3 a6 30. Ba4 Nd5 31. Qc1 Nf4 32. Qe3 f6 33. Bb3 Rd8 34. Kh2
Qe7 35. Qc3 Rd7 36. Qc4 b5 37. Qg8+ Kh6 38. Rc8 Rd2 39. Rf8 Rxf2 40. Rf7 Rxg2+
41. Kh1 Qb4 42. Rxh7+ Kg5 43. h4+ Kg4 44. Bd1+ Kg3 0-1

[Event "7th Sunway Sitges 2020"]
[Site "Sitges ESP"]
[Date "2020.12.19"]
[Round "6.28"]
[White "Msellek, Ilyass"]
[Black "Csiki, Endre"]
[Result "1-0"]
[WhiteTitle "FM"]
[BlackTitle "FM"]
[WhiteElo "2316"]
[BlackElo "2231"]
[WhiteFideId "675938"]
[BlackFideId "775126"]
[EventDate "2020.12.13"]

1. d4 Nf6 2. c4 e6 3. Nc3 Bb4 4. Qb3 c5 5. dxc5 Nc6 6. Nf3 Ne4 7. Bd2 Nxd2 8.
Nxd2 O-O 9. e3 f5 10. g3 Bxc5 11. Bg2 b6 12. O-O Bb7 13. a3 Qc8 14. Rfc1 Ne5 15.
Nb5 Bxg2 16. Kxg2 Qb7+ 17. Kg1 Ng4 18. Rf1 Rf6 19. h3 Rh6 20. Qd1 Rxh3 21. Qf3
Qb8 22. Nc7 Qxc7 23. Qxa8+ Kf7 24. Qg2 Rh2 25. Qf3 Rh6 26. Rfd1 Rh2 27. Rf1 h5
28. Rad1 Qe5 29. b4 Be7 30. Qf4 Qb2 31. Qd4 Qc2 32. Rc1 Qa2 33. Ra1 Qc2 34. Rac1
Qa2 35. Qd3 Ne5 36. Qc3 Bf6 37. Rc2 Qxc4 38. Qxc4 1-0

[Event "7th Sunway Sitges 2020"]
[Site "Sitges ESP"]
[Date "2020.12.19"]
[Round "6.29"]
[White "Papadiamandis, Elliot"]
[Black "Cuenca Jimenez, Jose Fernando"]
[Result "1/2-1/2"]
[WhiteTitle "CM"]
[BlackTitle "GM"]
[WhiteElo "2134"]
[BlackElo "2528"]
[WhiteFideId "36074160"]
[BlackFideId "2255570"]
[EventDate "2020.12.13"]

1. e4 c5 2. Nf3 Nc6 3. d4 cxd4 4. Nxd4 e5 5. Nb5 d6 6. N1c3 a6 7. Na3 Be6 8. Nc4
Rb8 9. a4 Nb4 10. Be2 Nf6 11. Bg5 d5 12. Nxd5 Nbxd5 13. exd5 Qxd5 14. Bxf6 gxf6
15. Qxd5 Bxd5 16. Ne3 Be6 17. Bd3 Bc5 18. Ke2 Bxe3 19. Kxe3 Ke7 20. g3 f5 21. c3
Rbd8 22. Be2 a5 23. Rhd1 Bb3 24. Rxd8 Rxd8 25. Bd3 Kf6 26. Ra3 Be6 27. Ra1 f4+
28. gxf4 exf4+ 29. Ke2 Bg4+ 30. f3 Bxf3+ 31. Kxf3 Rxd3+ 32. Kxf4 Rh3 33. Rf1 Ke6
34. Re1+ Kd6 35. Rd1+ Kc6 36. Rd2 Rh4+ 37. Ke5 Rxa4 38. Rf2 Rh4 39. Rf6+ Kb5 40.
Kd5 Rh5+ 41. Kd4 Rh4+ 42. Kd5 b6 43. b3 Rxh2 44. c4+ Ka6 45. Rxf7 Rh5+ 46. Kd6
Rc5 47. Rf8 h6 48. Rg8 h5 49. Rh8 a4 50. Ra8+ Kb7 51. Rxa4 h4 52. Ra2 h3 53. Rh2
Rh5 54. b4 Rh4 55. c5 Rh6+ 56. Kd7 Rh7+ 57. Kd6 b5 58. c6+ Kb6 59. c7 Kb7 60.
Rc2 Kc8 61. Rh2 Rd7+ 62. Kc6 Rxc7+ 63. Kxb5 Rc3 64. Kb6 Rg3 65. b5 Kb8 66. Kc6
Rg6+ 67. Kd5 Rh6 68. Ke4 Kb7 69. Kf4 Kb6 70. Kg4 Kxb5 71. Rxh3 Rxh3 72. Kxh3 1/2-1/2

[Event "7th Sunway Sitges 2020"]
[Site "Sitges ESP"]
[Date "2020.12.19"]
[Round "6.30"]
[White "Siebrecht, Sebastian"]
[Black "Boixader Arbo, Xavier"]
[Result "1/2-1/2"]
[WhiteTitle "GM"]
[WhiteElo "2429"]
[BlackElo "2091"]
[WhiteFideId "4609352"]
[BlackFideId "32067305"]
[EventDate "2020.12.13"]

1. d4 Nf6 2. c4 g6 3. Nc3 Bg7 4. e4 d6 5. Be2 O-O 6. Be3 Na6 7. g4 c5 8. g5 Nd7
9. d5 b5 10. cxb5 Nc7 11. h4 Rb8 12. h5 Bxc3+ 13. bxc3 Nxb5 14. Bxb5 Rxb5 15.
Qg4 Nf6 16. Qe2 Qa5 17. Bd2 Nxh5 18. c4 Rb4 19. a3 Qa4 20. Bxb4 cxb4 21. Nf3 Bg4
22. Qe3 Bxf3 23. Qxf3 bxa3 24. O-O Qxc4 25. Rxa3 Qd4 26. Qe3 Qxe3 27. Rxe3 f6
28. gxf6 Nxf6 29. Ra1 Ng4 30. Re2 g5 31. Rxa7 Rf7 32. Rb2 Kg7 33. Rbb7 Kf6 34.
f3 Ne5 35. Kg2 Ng6 36. Kg3 1/2-1/2

[Event "7th Sunway Sitges 2020"]
[Site "Sitges ESP"]
[Date "2020.12.19"]
[Round "6.31"]
[White "Martin Duque, Jesus"]
[Black "Alcala Gonzalez, Cesar"]
[Result "1-0"]
[WhiteTitle "IM"]
[WhiteElo "2414"]
[BlackElo "2088"]
[WhiteFideId "2208954"]
[BlackFideId "24584878"]
[EventDate "2020.12.13"]

1. e4 c6 2. Nf3 d5 3. Nc3 Bg4 4. h3 Bxf3 5. Qxf3 e6 6. Be2 Nf6 7. O-O Be7 8. d3
Qc7 9. exd5 exd5 10. Bf4 Bd6 11. Qe3+ Kf8 12. Bxd6+ Qxd6 13. Bf3 Nbd7 14. Rfe1
h6 15. Qd4 Qc5 16. Qf4 g5 17. Qg3 Rg8 18. Bg4 Nxg4 19. Qxg4 Qd6 20. Ne2 Nf6 21.
Qf5 Kg7 22. Nd4 Qc5 23. c3 Rge8 24. h4 gxh4 25. Qf4 Qf8 26. Re3 Rxe3 27. fxe3
Nh7 28. Nf5+ Kg6 29. Nxh4+ Kg7 30. Nf5+ Kg6 31. Rf1 Re8 32. Nd6 Re6 33. Nxf7 Rf6
34. Ne5+ Kg7 35. Qg4+ Ng5 36. Qd7+ Kg8 37. Rxf6 Qxf6 38. Qc8+ Qf8 39. Qxb7 Qd6
40. Qa8+ 1-0

[Event "7th Sunway Sitges 2020"]
[Site "Sitges ESP"]
[Date "2020.12.19"]
[Round "6.32"]
[White "Villar Reymundo, Juan Antonio"]
[Black "Valenzuela Gomez, Fernando"]
[Result "0-1"]
[BlackTitle "IM"]
[WhiteElo "2129"]
[BlackElo "2390"]
[WhiteFideId "3802744"]
[BlackFideId "3409392"]
[EventDate "2020.12.13"]

1. Nf3 d5 2. g3 Nd7 3. Bg2 e5 4. d3 Ngf6 5. O-O c6 6. b3 Bd6 7. Bb2 O-O 8. Nbd2
Re8 9. e4 a5 10. a3 a4 11. b4 d4 12. Nh4 Bf8 13. f4 c5 14. bxc5 Nxc5 15. fxe5
Ng4 16. Qf3 Be6 17. Nf5 Nxe5 18. Qe2 Bxf5 19. Rxf5 g6 20. Rff1 Ne6 21. Nf3 Bg7
22. Nxe5 Bxe5 23. Bc1 Ra6 24. Rb1 Qc7 25. Bf4 Nxf4 26. gxf4 Bxf4 27. e5 Rxe5 28.
Qf3 Rf6 29. Qxb7 Bxh2+ 30. Kh1 Qxb7 31. Bxb7 Rxf1+ 32. Rxf1 Rh5 33. Bf3 Rh4 34.
Bd5 Bd6+ 35. Kg1 Rg4+ 36. Kh1 Rf4 37. Rb1 Bxa3 38. Rb8+ Kg7 39. Ra8 h5 40. Rxa4
Bd6 41. Be4 Be5 42. Ra7 Rf1+ 43. Kg2 Rc1 44. Ra2 f5 45. Bd5 Kh6 46. Bb3 Re1 47.
Ra6 Kg5 48. Rc6 h4 49. Bf7 Bf6 50. c3 dxc3 51. d4 Re7 0-1

[Event "7th Sunway Sitges 2020"]
[Site "Sitges ESP"]
[Date "2020.12.19"]
[Round "6.33"]
[White "Pozanco Romasanta, Marc"]
[Black "Lin, Yingrui"]
[Result "0-1"]
[WhiteElo "2116"]
[BlackElo "2387"]
[WhiteFideId "2255138"]
[BlackFideId "32094272"]
[EventDate "2020.12.13"]

1. d4 Nf6 2. c4 e6 3. Nc3 Bb4 4. e3 b6 5. Bd3 Bb7 6. f3 c5 7. a3 cxd4 8. axb4
dxc3 9. b3 O-O 10. Ne2 d5 11. Nxc3 e5 12. O-O d4 13. Ne2 dxe3 14. Bxe3 Qe7 15.
Qe1 Nc6 16. Qh4 h6 17. Ng3 Nd5 18. Qe4 Nf6 19. Qh4 Ne8 20. Qh3 Bc8 21. Nf5 Qf6
22. g4 Bxf5 23. Bxf5 Nd6 24. Bb1 e4 25. Ra2 Ne5 26. fxe4 Qe6 27. Rg2 f6 28. Qh5
Ndf7 29. Qf5 Qe7 30. c5 Ng5 31. Rg3 g6 32. Qf4 Rf7 33. h4 Ne6 34. Qf2 Rc8 35.
Rc1 b5 36. Rd1 Rd8 37. Rd5 Nc7 38. Rxd8+ Qxd8 39. Bc2 Ne6 40. Qf1 Nd4 41. Bd1
Rd7 42. Kh2 Ndc6 43. Be2 a6 44. g5 fxg5 45. hxg5 Rf7 46. Qa1 h5 47. Qxa6 Nd4 48.
Qa2 h4 49. Rh3 Ndf3+ 50. Bxf3 Nxf3+ 51. Rxf3 Rxf3 52. Qe2 Qc7+ 0-1

[Event "7th Sunway Sitges 2020"]
[Site "Sitges ESP"]
[Date "2020.12.19"]
[Round "6.34"]
[White "Eden, James"]
[Black "Kanov, Nikola"]
[Result "0-1"]
[WhiteTitle "IM"]
[BlackTitle "CM"]
[WhiteElo "2323"]
[BlackElo "2079"]
[WhiteFideId "666491"]
[BlackFideId "2928531"]
[EventDate "2020.12.13"]

1. e4 e6 2. d4 d5 3. Nc3 Bb4 4. e5 c5 5. Bd2 Ne7 6. Nb5 Bxd2+ 7. Qxd2 O-O 8. f4
a6 9. Nc3 cxd4 10. Nce2 Nbc6 11. Nf3 Nf5 12. Nexd4 Nfxd4 13. Nxd4 f6 14. Nf3
fxe5 15. fxe5 Qc7 16. Qc3 Bd7 17. O-O-O Rac8 18. Bd3 Qb6 19. Kb1 h6 20. Qe1 Na5
21. b3 Qc7 22. Qg3 Bb5 23. Nd4 Bxd3 24. Qxd3 Rce8 25. Nf3 Nc6 26. Rhe1 Rf5 27.
Qe2 Ref8 28. c4 Ne7 29. Nd4 Rf2 30. Qg4 Qa5 31. Re2 Rxe2 32. Qxe6+ Kh8 33. Nxe2
Rf2 34. Qg4 dxc4 35. Qe4 cxb3 36. axb3 Rf5 37. e6 Re5 38. Qc4 b5 39. Qg4 Qb6 40.
Nd4 Qb7 41. Nf3 Rd5 42. Nd4 Rg5 43. Qf3 Qxf3 44. gxf3 Rd5 45. Kc2 g5 46. Kd3 Nc6
47. Kc3 Kg7 48. Rd3 Re5 49. Kd2 Kf6 50. Re3 Rd5 51. Kc3 Rxd4 52. b4 Rc4+ 53. Kd2
Rxb4 0-1

[Event "7th Sunway Sitges 2020"]
[Site "Sitges ESP"]
[Date "2020.12.19"]
[Round "6.35"]
[White "Garcia Gimenez, Santiago"]
[Black "Sismeiro, Miguel"]
[Result "0-1"]
[WhiteElo "2300"]
[BlackElo "2035"]
[WhiteFideId "32063350"]
[BlackFideId "1950975"]
[EventDate "2020.12.13"]

1. e4 c5 2. Nf3 e6 3. b3 b6 4. Bb2 Bb7 5. Nc3 d6 6. d4 cxd4 7. Nxd4 a6 8. g3 Nf6
9. Bg2 Be7 10. O-O Qc7 11. Re1 O-O 12. Qd2 Nbd7 13. a4 Rfd8 14. Rad1 Rac8 15. h3
Bf8 16. Kh2 Qb8 17. Qe3 Ne5 18. Qe2 Ng6 19. Nf3 Qc7 20. Rd3 Ne5 21. Nxe5 dxe5
22. Red1 Bc5 23. Nb1 Rxd3 24. Rxd3 Nd7 25. Qd2 Bc6 26. f3 b5 27. axb5 axb5 28.
b4 Be7 29. Ra3 Nb6 30. Bf1 Na4 31. Bc1 Be8 32. Bd3 Qd6 33. Rb3 h6 34. Qe2 Bg5
35. Bxg5 hxg5 36. Qe3 Qd4 37. Qxd4 exd4 38. Kg2 e5 39. Kf2 f6 40. Ke2 Bf7 41.
Ra3 Bc4 42. Kd2 Bxd3 43. Rxd3 Kf7 44. c3 Nb2 0-1